QUEST Central Library Banner

Production technology (Record no. 14899)

MARC details
000 -LEADER
fixed length control field 00234nam a22001097a 4500
082 ## - DEWEY DECIMAL CLASSIFICATION NUMBER
Classification number 671.1HMT
100 ## - MAIN ENTRY--AUTHOR NAME
Personal name HMT bangalore
245 ## - TITLE STATEMENT
Title Production technology
260 ## - PUBLICATION, DISTRIBUTION, ETC. (IMPRINT)
Place of publication New Delhi
Name of publisher McGraw Hill
Year of publication 1980
300 ## - PHYSICAL DESCRIPTION
Number of Pages 870p
942 ## - ADDED ENTRY ELEMENTS (KOHA)
Koha item type Books
Holdings
Withdrawn status Lost status Home library Current library Date acquired Cost, normal purchase price Full call number Accession Number Koha item type
    Central Library, QUEST, Nawabshah Central Library, QUEST, Nawabshah 30/11/2015 294.00 671.1HMT 13681 Books
    Central Library, QUEST, Nawabshah Central Library, QUEST, Nawabshah 30/11/2015 294.00 671.1HMT 13682 Books
    Central Library, QUEST, Nawabshah Central Library, QUEST, Nawabshah 30/11/2015 294.00 671.1HMT 13683 Books

Copyright © 2018,The QUEST, Nawabshah, Shaheed Benazirabad. All rights reserved
Mr. G. Farooq Channar (Librarian) QUEST, Nawabshah, Sindh, Pakistan 67480.
 Ph#: |   0244-9370381-4 Ext. 2308   Email| lib@quest.edu.pk   Web|  http://www.quest.edu.pk